000 00463nam a2200169 4500
001 VA12254
003 ES-SlBCS
005 20230308094328.0
008 140520s1954 xxu||||| |||| 00| 0 spa d
041 _aspa
100 1 _aCapánaga, Victorino
_9226803
245 1 0 _aSan Agustín
_b:Semblanza biográfica
_cVictorino Capánaga
260 _aMadrid :
_bStudium
_c, 1954
300 _a211 p.;
_c19 cm
600 0 4 _aAgustín de Hipona
_c, Santo
_9123612
942 _cBK
999 _c792929
_d792929